| Tag |
First Indicator |
Second Indicator |
Subfields |
| LEADER |
00000cam a2200000Ia 4500 |
| 001 |
in00002014792 |
| 005 |
20151031154838.0 |
| 008 |
950713r19941917ru a 000 0 rus d |
| 020 |
|
|
|a 5881200063
|
| 035 |
|
|
|a (OCoLC)ocm32812953
|
| 040 |
|
|
|a IUL
|c IUL
|d NYP
|d TXA
|d UtOrBLW
|
| 043 |
|
|
|a e-ru---
|
| 049 |
|
|
|a TXAM
|
| 090 |
|
|
|a HV8545
|b .E8 1994
|
| 100 |
1 |
|
|a Evreinov, N. N.
|q (Nikolaĭ Nikolaevich),
|d 1879-1953.
|
| 245 |
1 |
0 |
|a Istorii︠a︡ telesnykh nakazaniĭ v Rossii /
|c N. Evreinov.
|
| 246 |
1 |
5 |
|a Istorīi︠a︡ ti︠e︡lesnykh nakazanīĭ v Rossii
|
| 250 |
|
|
|a Reprintnoe izdanie.
|
| 264 |
|
1 |
|a Kharkov :
|b Progress ltd,
|c 1994.
|
| 300 |
|
|
|a 234 pages :
|b illustrations ;
|c 30 cm.
|
| 336 |
|
|
|a text
|b txt
|2 rdacontent
|
| 337 |
|
|
|a unmediated
|b n
|2 rdamedia
|
| 338 |
|
|
|a volume
|b nc
|2 rdacarrier
|
| 650 |
|
0 |
|a Corporal punishment
|z Russia
|x History.
|
| 948 |
|
|
|a cataloged
|b h
|c 2004/12/21
|d c
|e tchubaryan
|f 1:37:19 pm
|
| 994 |
|
|
|a E0
|b TXA
|
| 999 |
|
|
|a MARS
|
| 999 |
f |
f |
|s 6a2386c2-f3e3-3cb5-abfb-a09a484c0e6f
|i c6e99b6f-b0d6-3231-bacb-12cc3ac0c803
|t 0
|
| 952 |
f |
f |
|p normal
|a Texas A&M University
|b College Station
|c Sterling C. Evans Library
|d Evans: Library Stacks
|t 0
|e HV8545 .E8 1994
|h Library of Congress classification
|i unmediated -- volume
|m A14831705127
|
| 998 |
f |
f |
|a HV8545 .E8 1994
|t 0
|l Evans: Library Stacks
|